| 000 | 00649nam a2200229Ia 4500 | ||
|---|---|---|---|
| 001 | 3369 | ||
| 003 | GE_BSU | ||
| 008 | 181216s||||||||xx |||||||||||||| ||und|| | ||
| 040 | _cGE_BSU | ||
| 080 | _a621.002 | ||
| 245 | _aЭкономика и организация и планирование машиностроительного производства | ||
| 245 | _bУчебник | ||
| 245 | _cРед.И.Г.Исмаилова | ||
| 250 | _aИзд 2-ое.Перераб.и доп. | ||
| 260 | _aМ | ||
| 260 | _bВысш. школа | ||
| 260 | _c1979 | ||
| 300 | _a455стр. | ||
| 300 | _bилл. | ||
| 300 | _c22см | ||
| 942 | _cBK | ||
| 999 |
_c37410 _d37410 |
||